Organisational behaviour / (Record no. 4989)
[ view plain ]
| 000 -LEADER | |
|---|---|
| fixed length control field | 00531nam a2200181 4500 |
| 020 ## - INTERNATIONAL STANDARD BOOK NUMBER | |
| ISBN | 9788126909391 |
| Terms of availability | TZS 26,530.244 |
| 040 ## - CATALOGING SOURCE | |
| Original cataloging agency | MUL |
| Language of cataloging | eng |
| Description conventions | MUL |
| 082 ## - DEWEY DECIMAL CLASSIFICATION NUMBER | |
| Classification number | 658.4 AHM |
| 100 ## - MAIN ENTRY--AUTHOR NAME | |
| Personal name | Ahmad S. Fayyaz |
| 245 ## - TITLE STATEMENT | |
| Title | Organisational behaviour / |
| Statement of responsibility, etc | S. Fayyaz Ahmad, Nazir Ahmad Gilkar and Javid Ahmad Darzi |
| 260 ## - PUBLICATION, DISTRIBUTION, ETC. (IMPRINT) | |
| Place of publication | Delhi : |
| Name of publisher | Atlantic Publishing , |
| Year of publication | c2008. |
| 300 ## - PHYSICAL DESCRIPTION | |
| Number of Pages | 403 p . : |
| Dimensions | 22 cm. |
| 546 ## - LANGUAGE NOTE | |
| Language note | eng. |
| 650 ## - SUBJECT ADDED ENTRY--TOPICAL TERM | |
| Topical Term | Organizational behaviour |
| 700 ## - ADDED ENTRY--PERSONAL NAME | |
| Personal name | Gilkar Nazir Ahmad |
| 700 ## - ADDED ENTRY--PERSONAL NAME | |
| Personal name | Darzi Javid Ahmad |
| 942 ## - ADDED ENTRY ELEMENTS | |
| Item type | Book |
| Withdrawn status | Lost status | Damaged status | Not for loan | Permanent Location | Current Location | Date acquired | Source of acquisition | Full call number | Accession Number | Copy number | Price effective from | Koha item type | Public note |
|---|---|---|---|---|---|---|---|---|---|---|---|---|---|
| Mzumbe University Main Campus Library | Mzumbe University Main Campus Library | 10/06/2009 | R.K printing | 658.4 AHM | 0061075 | 1 | 22/11/2022 | Book | For reference only. |